[Event "CZE-chT2D 2223"]
[Site "Czech Republic"]
[Date "2023.03.26"]
[Round "11.7"]
[White "Zeman, Daniel"]
[Black "Voriskova, Anna"]
[Result "0-1"]
[WhiteElo "1839"]
[BlackElo "1743"]
[PlyCount "60"]
[EventDate "2022.10.16"]
[EventType "team-tourn"]
[EventRounds "11"]
[EventCountry "CZE"]
[SourceTitle "EXT 2024"]
[Source "ChessBase"]
[SourceDate "2023.10.10"]
[SourceVersion "1"]
[SourceVersionDate "2023.10.10"]
[SourceQuality "1"]
[WhiteTeam "Vysoke Myto"]
[BlackTeam "Hradec Kralove Lipky"]
[WhiteTeamCountry "CZE"]
[BlackTeamCountry "CZE"]

1. e4 c5 2. Nf3 Nc6 3. d4 cxd4 4. Nxd4 e6 5. a3 Qb6 6. Nb3 Nf6 7. Nc3 a6 8. Bf4 Be7 9. e5 Ng8 10. Ne4 Qc7 11. Qg4 Kf8 12. Qg3 Nh6 13. Nd6 b5 14. 0-0-0 b4 15. a4 Nd8 16. Qe3 Nf5 17. Nxf5 exf5 18. e6 Qc6 19. exd7 Bxd7 20. Bd3 Be6 21. Rhe1 Kg8 22. Nd4 Qxa4 23. Nxe6 Nxe6 24. Bxf5 Rc8 25. Kd2 g6 26. Bh6 gxf5 27. Qg3+ Bg5+ 28. Bxg5 Qxc2+ 29. Ke3 Qe4+ 30. Kd2 Rc2# 0-1

[Event "Pardubice Czech op-C 30th"]
[Site "Pardubice"]
[Date "2019.07.26"]
[Round "8"]
[White "Petek, Primoz"]
[Black "Zeman, Daniel"]
[Result "1-0"]
[WhiteElo "2092"]
[BlackElo "1797"]
[PlyCount "173"]
[EventDate "2019.07.20"]
[EventType "swiss"]
[EventRounds "9"]
[EventCountry "CZE"]
[SourceTitle "EXT 2020"]
[Source "ChessBase"]
[SourceDate "2019.10.17"]
[SourceVersion "1"]
[SourceVersionDate "2019.10.17"]
[SourceQuality "1"]

1. c4 Nf6 2. g3 g6 3. Bg2 Bg7 4. Nf3 0-0 5. 0-0 d6 6. Nc3 Nc6 7. Rb1 a5 8. a3 e5 9. d3 Bf5 10. b4 axb4 11. axb4 Qd7 12. Bg5 Bh3 13. Bxf6 Bxf6 14. Nd5 Bd8 15. b5 Nd4 16. Nxd4 Bxg2 17. Kxg2 exd4 18. Ra1 Be7 19. Qc2 Rxa1 20. Rxa1 c6 21. bxc6 bxc6 22. Qa4 Qb7 23. Nxe7+ Qxe7 24. Qxc6 Qxe2 25. Qf3 Re8 26. Ra7 Qxf3+ 27. Kxf3 Kg7 28. Ra5 f5 29. Rd5 Re6 30. Rxd4 Kf6 31. Rd5 g5 32. h3 h5 33. Ra5 Re1 34. Ra6 Ke5 35. Ra5+ Ke6 36. g4 hxg4+ 37. hxg4 fxg4+ 38. Kxg4 Rd1 39. Rd5 Rf1 40. Kf3 g4+ 41. Ke2 Rh1 42. Rg5 Rg1 43. Ke3 Re1+ 44. Kd4 Re2 45. Rg6+ Ke7 46. Kd5 Re5+ 47. Kc6 Rc5+ 48. Kb6 Rf5 49. Rxg4 Rxf2 50. d4 Rc2 51. Kb5 Kd7 52. Rg7+ Kc8 53. d5 Rc1 54. Kc6 Rxc4+ 55. Kxd6 Ra4 56. Rg8+ Kb7 57. Kd7 Rh4 58. Rg7 Rh8 59. d6 Rf8 60. Ke7 Rh8 61. Kd7 Rf8 62. Re7 Rh8 63. Re8 Rh7+ 64. Re7 Rh8 65. Rg7 Rf8 66. Ke7 Rh8 67. Kd7 Rf8 68. Rg1 Rf7+ 69. Ke8 Rh7 70. Rc1 Rh8+ 71. Kf7 Rh7+ 72. Kf6 Rh6+ 73. Ke5 Rh5+ 74. Ke4 Rh4+ 75. Kd5 Rh5+ 76. Kd4 Rh4+ 77. Kc5 Rh5+ 78. Kd4 Rh4+ 79. Kc5 Rh5+ 80. Kb4 Rh4+ 81. Kb5 Rh5+ 82. Rc5 Rh7 83. Re5 Kc8 84. Kc6 Rh8 85. Ra5 Kb8 86. Rb5+ Kc8 87. d7+ 1-0

[Event "CZE-chT2D 1819"]
[Site "Czech Republic"]
[Date "2019.02.24"]
[Round "9.8"]
[White "Zeman, Daniel"]
[Black "Pavlicek, Lukas"]
[Result "0-1"]
[WhiteElo "1847"]
[BlackElo "1894"]
[PlyCount "58"]
[EventDate "2018.10.14"]
[EventType "team-tourn"]
[EventRounds "11"]
[EventCountry "CZE"]
[SourceTitle "EXT 2022"]
[Source "ChessBase"]
[SourceDate "2021.10.06"]
[SourceVersion "1"]
[SourceVersionDate "2021.10.06"]
[SourceQuality "1"]
[WhiteTeam "Vysoke Myto"]
[BlackTeam "Policka Stefanydes"]
[WhiteTeamCountry "CZE"]
[BlackTeamCountry "CZE"]

1. c4 Nf6 2. Nc3 e6 3. Nf3 d5 4. e3 c6 5. a3 Be7 6. Be2 0-0 7. 0-0 b6 8. cxd5 exd5 9. d4 Bb7 10. b4 Nbd7 11. Bb2 b5 12. Qc2 Nb6 13. e4 dxe4 14. Nxe4 Na4 15. Bc1 Nxe4 16. Qxe4 Nc3 17. Qc2 Nxe2+ 18. Qxe2 Bf6 19. Be3 Re8 20. Rfd1 Qd5 21. Rac1 a5 22. Rc5 Qe4 23. Nd2 Qe6 24. d5 cxd5 25. Rxb5 Ba6 26. Nb3 axb4 27. Nc5 Bxb5 28. Qxb5 Qg4 29. Rxd5 bxa3 0-1

[Event "Pardubice Czech op-J 28th"]
[Site "Pardubice"]
[Date "2017.07.15"]
[Round "2"]
[White "Shemyakin, Valeriy"]
[Black "Zeman, Daniel"]
[Result "1-0"]
[WhiteElo "2173"]
[BlackElo "1668"]
[PlyCount "47"]
[EventDate "2017.07.14"]
[EventType "swiss"]
[EventRounds "7"]
[EventCountry "CZE"]
[SourceTitle "EXT 2018"]
[Source "ChessBase"]
[SourceDate "2017.10.13"]
[SourceVersion "1"]
[SourceVersionDate "2017.10.13"]
[SourceQuality "1"]

1. Nc3 g6 2. d4 d5 3. Bf4 c6 4. Qd2 Bg7 5. 0-0-0 Nf6 6. f3 0-0 7. e4 Be6 8. e5 Ne8 9. Bh6 b5 10. h4 Nd7 11. h5 g5 12. Bxg7 Nxg7 13. h6 Nf5 14. Qxg5+ Kh8 15. g4 Rg8 16. Qf4 b4 17. Nce2 Nxd4 18. Nxd4 c5 19. Nxe6 fxe6 20. Nh3 Qa5 21. Ng5 Raf8 22. Nf7+ Rxf7 23. Qxf7 Qxa2 24. Bd3 1-0